Регионална библиотека "Любен Каравелов" - Русе

Къща-музей "Градски бит XIX век" - Стара Загора (Запис номер 387962)

MARC детайли
000 -Лидер
Контролно поле с фиксирана дължина nkm a22 7a 4500
003 - Код на организацията, давaща контролен номер
Контролно поле BLK
005 - Дата и час на последна редакция
Контролно поле 20200921132942.0
008 - Елементи от данни с фиксирана дължина
fixed length control field 200921b bu ||||| |||| 00| | bu d
040 ## - Източник на каталожния запис
Идентификатор на билиотеката - собственик на записа BLK
041 ## - Код за език
Код за езика на текст/звукозапис или на отделно заглавие Български
Код за езика КДБФ Български
080 ## - УДК
Текстов определител УДК Етнографски музеи
УДК код - определител по УДК 069.02:39
УДК - код + определител 069.02:39(497.235)(084)
УДК определител (497.235)(084)
100 ## - Редна дума - Автор
R(LIN) 433803
Автор Пенева, Елена
Авторска отговорност първи автор
139 ## - Редно поле
Редна дума Пенева, Елена
245 ## - Сведения за заглавието
Заглавие Къща-музей "Градски бит XIX век" - Стара Загора
Подзаглавни данни Албум
Редно поле (дума) Елена Пенева ; снимки Петър Франц.
260 ## - Област на издателските данни
9 (RLIN) 210539
Място на издаване, разпространение и проч. София
Име на издателя, разпространителя и проч. Септември
Година на издаване 1978
300 ## - Физическа характеристика
Страници 1 албум (24 с.)
Илюстрации и др. с ил.
Размери/Мащаб 19 x 21 см
380 ## - Жанр
Жанр Общ отдел
500 ## - Общи забележки
Забележка Изд. на Окр. истор. музей - Стара Загора<br/>Името на авт. отбелязано в библиогр. каре<br/>5 000 тир.
650 #0 - Допълнително описание по предмет – тема
9 (RLIN) 249563
Основно описание – тема или топоним Етнография - България
650 #0 - Допълнително описание по предмет – тема
9 (RLIN) 352899
Основно описание – тема или топоним Исторически музеи - Стара Загора
651 #0 - Допълнително описание по предмет - топоним
9 (RLIN) 276847
Географско понятие Стара Загора
653 #7 - Ключова дума – ненормативна
9 (RLIN) 180586
Ключова дума албуми
653 #7 - Ключова дума – ненормативна
9 (RLIN) 181364
Ключова дума архитектура
653 #7 - Ключова дума – ненормативна
9 (RLIN) 191489
Ключова дума музеи
700 1# - Други автори (авторска отговорност)
9 (RLIN) 134859
Лично име Франц, Петър
Автороска отговорност (Описва отношението между автора и произведението) снимки
852 ## - Местоположение
Форматна сигнатура Цб 301284
Фондова буква Хранилище
999 ## - СИСТЕМНИ КОНТРОЛНИ НОМЕРА
Koha biblionumber 387962
Koha biblioitemnumber 387962
942 ## - АРТИКУЛИ
Вид на библиотечния материал Графични издания
Скрит в OPAC Не
Периодичен библиозапис Да
944 ## - СЪЗДАВАНЕ И РЕДАКЦИЯ на ЗАПИСА
Създаване/Редакция Създаване
Дата на регистрацията/редакция 2020-09-21
Служител, извършил регистрацията/редакцията Ренета Константинова
999 ## - СИСТЕМНИ КОНТРОЛНИ НОМЕРА
Koha biblioitemnumber 387956
Наличности
Код за отписване Код за изгубен артикул Източник на класификационната схема Код за повреда Коз за рестрикции Код за отдаване Артикулен № Име на библиотеката - собственик Име на библиотеката, в която се намира в момента Статус (Текущо местоположение) Дата на вписване в системата Местоположение - отдел Цена в лева Инвентарен номер Систематично азбучна сигнатура Баркод Цена в евро Служебен тип на артикула
  Не е изгубен Universal Decimal Classification Не е повреден само за читалня ползва се в читалня 801027 Регионална библиотека "Любен Каравелов" Русе Регионална библиотека "Любен Каравелов" Русе Хранилище 2020-09-28 Хранилище 2.07 266892 Цб 301284 120000266892 1.06 Графични издания
Vip Innovations Ltd, Rousse, Bulgaria 2025